书目信息 |
| 题名: |
汉英建筑装饰工程辞典
|
|
| 作者: | 李育才 , 卜纯英 主编 | |
| 分册: | ||
| 出版信息: | 北京 中国商业出版社 2000.05 |
|
| 页数: | 1266页 | |
| 开本: | 16开 | |
| 丛书名: | ||
| 单 册: | ||
| 中图分类: | TU767-61 | |
| 科图分类: | ||
| 主题词: | 建筑工程--工程施工 | |
| 电子资源: | ||
| ISBN: | 7-5044-4137-6 | |
| 000 | 00613nam0 2200193 45 | |
| 001 | 0104291070 | |
| 005 | 20010429100413.2 | |
| 010 | @a7-5044-4137-6@dRMB 260.00 | |
| 100 | @a20010429d2000 km y0chiy0120 ea | |
| 101 | 0 | @achi |
| 200 | 1 | @a汉英建筑装饰工程辞典@AHan Ying Jian Zhu Zhuang Shi Gong Cheng Ci Dian@f李育才,卜纯英主编@FLi Yu Cai,Bo Chun Ying Zhu Bian |
| 210 | @a北京@c中国商业出版社@d2000.05 | |
| 215 | @a1266页@d16开 | |
| 606 | 0 | @a建筑工程@x工程施工 |
| 690 | @aTU767-61@v3 | |
| 701 | 0 | @a李育才@4主编 |
| 701 | 0 | @a卜纯英@4主编 |
| 801 | @aCN@bPftUser@c20010429 | |
| 905 | @b341006-007@dTU767-61@eL101/1@f2 | |
| 汉英建筑装饰工程辞典/李育才,卜纯英主编.-北京:中国商业出版社,2000.05 |
| 1266页;16开 |
| ISBN 7-5044-4137-6:RMB 260.00 |
| ● |
| 相关链接 |
|
|
|
正题名:汉英建筑装饰工程辞典
索取号:TU767-61/L101/1
 
预约/预借
| 序号 | 登录号 | 条形码 | 馆藏地/架位号 | 状态 | 备注 |
| 1 | 341006 | 203410068 | 建筑库201/201建筑库 47排3列4层/ [索取号:TU767-61/L101/1] | 在馆 | |
| 2 | 341007 | 203410077 | 建筑库201/201建筑库 47排3列4层/ [索取号:TU767-61/L101/1] | 在馆 | |
| 3 | 354094 | 203540944 | 建筑库201/201建筑库 47排3列4层/ [索取号:TU767-61/L101/1] | 在馆 |